[Event "Pula op 31st"]
[Site "Pula"]
[Date "2017.09.11"]
[Round "3"]
[White "Antal, Gergely"]
[Black "Schneider, Veronika"]
[Result "1-0"]
[WhiteElo "2526"]
[BlackElo "2230"]
[PlyCount "46"]
[EventDate "2017.09.09"]
[EventType "swiss"]
[EventRounds "9"]
[EventCountry "CRO"]
[SourceTitle "CBM 180 Extra"]
[Source "ChessBase"]
[SourceDate "2017.10.06"]
[SourceVersion "1"]
[SourceVersionDate "2017.10.06"]
[SourceQuality "1"]

1. e4 c5 2. Nf3 e6 3. d4 cxd4 4. Nxd4 a6 5. c4 Nf6 6. Nc3 Qc7 7. a3 b6 8. Be3 Bb7 9. f3 Be7 10. Be2 d6 11. 0-0 Nbd7 12. Qd2 0-0 13. Rac1 Rfe8 14. a4 Rac8 15. a5 Qb8 16. axb6 Bd8 17. Nb3 Bxb6 18. Bxb6 Nxb6 19. Na5 Rcd8 20. b4 d5 21. exd5 exd5 22. c5 d4 23. Nd1 Nbd5 1-0

[Event "Moscow op-B (Women) 13th"]
[Site "Moscow"]
[Date "2017.02.02"]
[Round "6"]
[White "Alieva, Alexandra"]
[Black "Schneider, Veronika"]
[Result "1-0"]
[WhiteElo "2104"]
[BlackElo "2248"]
[PlyCount "76"]
[EventDate "2017.01.28"]
[EventType "swiss"]
[EventRounds "9"]
[EventCountry "RUS"]
[SourceTitle "EXT 2018"]
[Source "ChessBase"]
[SourceDate "2017.10.13"]
[SourceVersion "1"]
[SourceVersionDate "2017.10.13"]
[SourceQuality "1"]

1. e4 c5 2. Nf3 Nc6 3. Bb5 d6 4. 0-0 Bd7 5. Re1 e6 6. d4 cxd4 7. Nxd4 Nge7 8. Nc3 a6 9. Bf1 Ng6 10. f4 Be7 11. Be3 0-0 12. g3 b5 13. a3 Rc8 14. Nf3 Qc7 15. h4 Bf6 16. h5 Nge7 17. g4 b4 18. axb4 Nxb4 19. e5 dxe5 20. g5 exf4 21. gxf6 fxe3 22. fxe7 Rfe8 23. Rxe3 Rxe7 24. Re4 Bc6 25. Rc4 Rd8 26. Qe2 Qa7+ 27. Qf2 Bxf3 28. Rxb4 Qxf2+ 29. Kxf2 Bxh5 30. Rxa6 Red7 31. Bd3 Bg6 32. Ne4 h5 33. Rba4 Bf5 34. b4 Bxe4 35. Bxe4 f5 36. Bd3 e5 37. R4a5 e4 38. Be2 Kh7 1-0

[Event "Moscow op-B (Women) 13th"]
[Site "Moscow"]
[Date "2017.02.01"]
[Round "5"]
[White "Schneider, Veronika"]
[Black "Garifullina, Leya"]
[Result "1-0"]
[WhiteElo "2248"]
[BlackElo "1929"]
[PlyCount "125"]
[EventDate "2017.01.28"]
[EventType "swiss"]
[EventRounds "9"]
[EventCountry "RUS"]
[SourceTitle "EXT 2018"]
[Source "ChessBase"]
[SourceDate "2017.10.13"]
[SourceVersion "1"]
[SourceVersionDate "2017.10.13"]
[SourceQuality "1"]

1. e4 c5 2. Nf3 d6 3. d4 cxd4 4. Qxd4 Nc6 5. Bb5 Bd7 6. Bxc6 Bxc6 7. Nc3 Nf6 8. Bg5 e6 9. 0-0-0 Be7 10. Qd3 0-0 11. Kb1 Qc7 12. h4 Rac8 13. Nd4 Rfd8 14. f4 h6 15. Qe2 Re8 16. Ndb5 Bxb5 17. Nxb5 Qc5 18. Nc3 Qb4 19. Rh3 Rcd8 20. g4 d5 21. e5 Ne4 22. a3 Nxc3+ 23. Rxc3 Qe4 24. Re3 Qc4 25. Bxe7 Qxe2 26. Rxe2 Rxe7 27. c4 Rc7 28. b3 a5 29. a4 Kf8 30. Rdd2 Rc5 31. Kb2 Ke7 32. cxd5 exd5 33. Rd1 Ke6 34. Ree1 Ke7 35. f5 Rdc8 36. Rd2 b5 37. Ra1 bxa4 38. Rxa4 Rb8 39. Rad4 Rcb5 40. R2d3 Rb4 41. Ka3 R8b7 42. h5 Rxd4 43. Rxd4 Rb5 44. Ka4 Rc5 45. b4 axb4 46. Kxb4 Rc1 47. Rxd5 Rg1 48. Ra5 Rxg4+ 49. Kc5 Rg1 50. Ra7+ Ke8 51. Ra8+ Ke7 52. Ra7+ Ke8 53. Ra4 Rc1+ 54. Kd5 Rd1+ 55. Rd4 Rf1 56. Kd6 Ra1 57. e6 fxe6 58. fxe6 Ra6+ 59. Ke5 Ra5+ 60. Rd5 Rxd5+ 61. Kxd5 Ke7 62. Ke5 Ke8 63. Kd6 1-0

[Event "HUN-chT 1617"]
[Site "Hungary"]
[Date "2016.11.13"]
[Round "2.12"]
[White "Schneider, Veronika"]
[Black "Gorcsi, Gabor"]
[Result "1/2-1/2"]
[WhiteElo "2260"]
[BlackElo "2187"]
[PlyCount "120"]
[EventDate "2016.10.30"]
[EventType "team-tourn"]
[EventRounds "9"]
[EventCountry "HUN"]
[SourceTitle "CBM 175 Extra"]
[Source "ChessBase"]
[SourceDate "2016.12.12"]
[SourceVersion "1"]
[SourceVersionDate "2016.12.12"]
[SourceQuality "1"]
[WhiteTeam "Penzugyor"]
[BlackTeam "HASE Lila Futo"]
[WhiteTeamCountry "HUN"]
[BlackTeamCountry "HUN"]

1. e4 c5 2. c3 Nf6 3. e5 Nd5 4. Nf3 Nc6 5. d4 cxd4 6. cxd4 d6 7. Bc4 Nb6 8. Bb5 dxe5 9. Nxe5 Bd7 10. Nxd7 Qxd7 11. Nc3 e6 12. 0-0 a6 13. Bxc6 Qxc6 14. Bg5 Nd5 15. Rc1 Bd6 16. Qg4 h5 17. Qh4 f6 18. Be3 Kf7 19. Ne4 Qd7 20. Rc2 g6 21. Rfc1 Be7 22. Nc5 Bxc5 23. dxc5 Rac8 24. a3 Qb5 25. Qc4 Qxc4 26. Rxc4 Nxe3 27. fxe3 Rhd8 28. R1c2 e5 29. Kf2 Rc6 30. Ke2 Ke6 31. b4 Rdc8 32. R4c3 f5 33. a4 Kd5 34. Rd2+ Ke6 35. Rcd3 R8c7 36. Rd6+ Ke7 37. R2d5 e4 38. Re5+ Kf7 39. Ree6 Rxd6 40. Rxd6 a5 41. bxa5 Rxc5 42. Rd7+ Kf6 43. Rxb7 Rxa5 44. Rb4 Kg5 45. Kd2 Kg4 46. Ke2 h4 47. Kf2 h3 48. Rb6 Rxa4 49. Rxg6+ Kh5 50. Rg3 Ra2+ 51. Kf1 hxg2+ 52. Rxg2 Ra1+ 53. Kf2 Kh4 54. Rg8 Ra2+ 55. Kg1 Re2 56. Rg3 Rd2 57. Kh1 f4 58. exf4 Rd3 59. Kg2 Rd2+ 60. Kg1 e3 1/2-1/2

[Event "Moscow op-B (Women)"]
[Site "Moscow"]
[Date "2016.02.05"]
[Round "7"]
[White "Schneider, Veronika"]
[Black "Galojan, Lilit"]
[Result "1-0"]
[WhiteElo "2259"]
[BlackElo "2295"]
[PlyCount "85"]
[EventDate "2016.01.30"]
[EventType "swiss"]
[EventRounds "9"]
[EventCountry "RUS"]
[SourceTitle "CBM 170 Extra"]
[Source "ChessBase"]
[SourceDate "2016.02.25"]
[SourceVersion "1"]
[SourceVersionDate "2016.02.25"]
[SourceQuality "1"]

1. e4 e5 2. Nf3 Nc6 3. Nc3 Nf6 4. d4 exd4 5. Nxd4 Bb4 6. Nxc6 bxc6 7. Bd3 d5 8. exd5 cxd5 9. 0-0 0-0 10. h3 c6 11. Qf3 Bd6 12. Bf4 a5 13. Rfe1 Bxf4 14. Qxf4 Be6 15. Na4 Qb8 16. Qxb8 Raxb8 17. b3 Rfe8 18. Rad1 Kf8 19. Nc5 g6 20. Rd2 Nd7 21. Rxe6 Nxc5 22. Rxc6 Rec8 23. Bb5 Ne4 24. Rxd5 Nc3 25. Rdc5 Rxc6 26. Bxc6 Nxa2 27. Rxa5 Nb4 28. Bd5 Nxc2 29. Ra7 f5 30. Rxh7 Rb6 31. Rf7+ Ke8 32. Rb7 Rd6 33. Bc4 Nd4 34. h4 Kf8 35. g3 Nc2 36. h5 gxh5 37. Rf7+ Ke8 38. Rxf5 Rd1+ 39. Kg2 h4 40. gxh4 Ne1+ 41. Kg3 Nc2 42. h5 Nd4 43. Rf4 1-0

[Event "Moscow op-B (Women)"]
[Site "Moscow"]
[Date "2016.01.31"]
[Round "2"]
[White "Pavlova, Kseniia"]
[Black "Schneider, Veronika"]
[Result "0-1"]
[WhiteElo "2087"]
[BlackElo "2259"]
[PlyCount "108"]
[EventDate "2016.01.30"]
[EventType "swiss"]
[EventRounds "9"]
[EventCountry "RUS"]
[SourceTitle "CBM 170 Extra"]
[Source "ChessBase"]
[SourceDate "2016.02.25"]
[SourceVersion "1"]
[SourceVersionDate "2016.02.25"]
[SourceQuality "1"]

1. e4 c5 2. Nf3 d6 3. c3 Nf6 4. h3 Nc6 5. Qe2 Qc7 6. g4 g6 7. Bg2 Bg7 8. 0-0 Nd7 9. Na3 a6 10. Nc2 b5 11. d4 Bb7 12. Bg5 0-0 13. Rad1 Rfe8 14. Qd2 Rac8 15. Bh6 Bh8 16. Qe2 Qb6 17. Be3 Qc7 18. Nh2 Na5 19. g5 Nc4 20. Bc1 cxd4 21. Nxd4 Nc5 22. Ng4 Bg7 23. a4 e5 24. Nc2 Nxa4 25. Nce3 Nxe3 26. Bxe3 Re6 27. h4 Nc5 28. f3 Rf8 29. Bh3 Ree8 30. Kh1 Bc8 31. Qg2 Qe7 32. Qg3 Rd8 33. Rf2 Kh8 34. Rdd2 Bxg4 35. Bxg4 f5 36. gxf6 Bxf6 37. Rh2 h5 38. Bh3 Kh7 39. Bf1 Ne6 40. Qe1 Bg7 41. Qd1 Bh6 42. Bxh6 Kxh6 43. Rdg2 Rf4 44. Qd2 Kh7 45. Qf2 Rdf8 46. Qg3 R8f6 47. Be2 Qa7 48. Rg1 Qe3 49. Bd1 Nc5 50. Be2 Nb3 51. Qh3 Nc5 52. Qc8 Nxe4 53. Qd7+ Rf7 54. Qe6 R4f6 0-1

[Event "HUN-chT2 Maroczy 1415"]
[Site "Hungary"]
[Date "2015.01.25"]
[Round "5"]
[White "Schneider, Veronika"]
[Black "Farago, Sandor"]
[Result "1-0"]
[WhiteElo "2254"]
[BlackElo "2270"]
[PlyCount "77"]
[EventDate "2014.10.12"]
[EventType "team-tourn"]
[EventRounds "9"]
[EventCountry "HUN"]
[SourceTitle "EXT 2016"]
[Source "ChessBase"]
[SourceDate "2015.10.08"]
[SourceVersion "1"]
[SourceVersionDate "2015.10.08"]
[SourceQuality "1"]
[WhiteTeam "Penzugyor II"]
[BlackTeam "Magyar Sakkvilag"]
[WhiteTeamCountry "HUN"]
[BlackTeamCountry "HUN"]

1. e4 Nf6 2. e5 Nd5 3. d4 d6 4. c4 Nb6 5. exd6 cxd6 6. Nc3 g6 7. Be3 Bg7 8. Rc1 Nc6 9. b3 Bf5 10. g4 Bd7 11. h3 e5 12. dxe5 dxe5 13. Bg2 0-0 14. Nf3 h6 15. 0-0 Be6 16. g5 h5 17. Nd2 Nd4 18. Nde4 Rc8 19. c5 Nd5 20. Nd6 Nf4 21. Bxf4 exf4 22. Nce4 f3 23. Bxf3 Bxh3 24. Re1 Rc7 25. Rc4 Nc6 26. Bg2 Bg4 27. Qd2 Ne5 28. Rd4 Rd7 29. Qf4 Nf3+ 30. Bxf3 Bxd4 31. Bxg4 hxg4 32. Nf6+ Bxf6 33. gxf6 b6 34. Ne4 Rd1 35. Qh6 Rxe1+ 36. Kg2 Rg1+ 37. Kxg1 Qd1+ 38. Kh2 g3+ 39. Kg2 1-0

[Event "BL 1415 (Women)"]
[Site "Germany"]
[Date "2014.09.27"]
[Round "1.5"]
[White "Schneider, Veronika"]
[Black "Ambartsumova, Karina"]
[Result "0-1"]
[WhiteElo "2254"]
[BlackElo "2278"]
[PlyCount "84"]
[EventDate "2014.09.27"]
[EventType "team-tourn"]
[EventRounds "11"]
[EventCountry "GER"]
[SourceTitle "CBM 166 Extra"]
[Source "ChessBase"]
[SourceDate "2015.06.18"]
[SourceVersion "1"]
[SourceVersionDate "2015.06.18"]
[SourceQuality "1"]
[WhiteTeam "Hamburger SK (W)"]
[BlackTeam "Schwaebisch Hall (W)"]
[WhiteTeamCountry "GER"]
[BlackTeamCountry "GER"]

1. e4 c5 2. c3 d5 3. exd5 Qxd5 4. d4 Bf5 5. Be3 cxd4 6. cxd4 Bxb1 7. Rxb1 e5 8. a3 exd4 9. Qxd4 Qxd4 10. Bxd4 Nc6 11. Bc3 0-0-0 12. Bc4 f6 13. Ne2 Bd6 14. 0-0 Nge7 15. b4 Be5 16. b5 Nd4 17. Nxd4 Bxd4 18. Rbc1 Bxc3 19. Rxc3 Kb8 20. a4 Rd4 21. Bb3 Rhd8 22. Rfc1 Nd5 23. Bxd5 R4xd5 24. g3 Rd1+ 25. Kg2 Rxc1 26. Rxc1 Rd4 27. a5 Ra4 28. a6 bxa6 29. bxa6 Rxa6 30. h4 Re6 31. g4 a5 32. Ra1 Ra6 33. Kf3 Kc7 34. Ke4 Kc6 35. g5 a4 36. gxf6 gxf6 37. Kd4 a3 38. Kc4 a2 39. h5 Kd6 40. Kd4 Ke6 41. Kc3 Kf5 42. Kb2 Kf4 0-1

[Event "BL 1314 (Women)"]
[Site "Germany"]
[Date "2014.03.09"]
[Round "9.3"]
[White "Voicu Jagodzinsky, Carmen"]
[Black "Schneider, Veronika"]
[Result "1/2-1/2"]
[WhiteElo "2316"]
[BlackElo "2266"]
[PlyCount "55"]
[EventDate "2013.10.04"]
[EventType "team-tourn"]
[EventRounds "11"]
[EventCountry "GER"]
[SourceTitle "EXT 2018"]
[Source "ChessBase"]
[SourceDate "2017.10.13"]
[SourceVersion "1"]
[SourceVersionDate "2017.10.13"]
[SourceQuality "1"]
[WhiteTeam "Grosslehna (W)"]
[BlackTeam "Hamburger SK (W)"]
[WhiteTeamCountry "GER"]
[BlackTeamCountry "GER"]

1. e4 c5 2. Nf3 e6 3. d4 cxd4 4. Nxd4 a6 5. Nc3 b5 6. Bd3 Bb7 7. 0-0 Nc6 8. Nxc6 Bxc6 9. Qe2 Bc5 10. Bd2 Ne7 11. Kh1 0-0 12. f4 b4 13. Nd1 f5 14. Nf2 Qb6 15. Nh3 a5 16. Ng5 Rf6 17. Rad1 Raf8 18. c4 h6 19. e5 Rg6 20. Nf3 Ba8 21. h3 Nc6 22. Be3 Nd4 23. Bxd4 Bxd4 24. Kh2 Bxf3 25. Rxf3 d6 26. exd6 Qxd6 27. g3 Rgf6 28. Bb1 1/2-1/2

[Event "BL 1314 (Women)"]
[Site "Germany"]
[Date "2013.11.30"]
[Round "3.4"]
[White "Schneider, Veronika"]
[Black "Genova, Liubka"]
[Result "1-0"]
[WhiteElo "2266"]
[BlackElo "2269"]
[PlyCount "57"]
[EventDate "2013.10.04"]
[EventType "team-tourn"]
[EventRounds "11"]
[EventCountry "GER"]
[SourceTitle "EXT 2018"]
[Source "ChessBase"]
[SourceDate "2017.10.13"]
[SourceVersion "1"]
[SourceVersionDate "2017.10.13"]
[SourceQuality "1"]
[WhiteTeam "Hamburger SK (W)"]
[BlackTeam "Friedberg (W)"]
[WhiteTeamCountry "GER"]
[BlackTeamCountry "GER"]

1. e4 c5 2. Nf3 e6 3. c3 Nf6 4. e5 Nd5 5. d4 cxd4 6. cxd4 d6 7. Bc4 Nc6 8. 0-0 Be7 9. Re1 0-0 10. exd6 Bxd6 11. Nc3 Nxc3 12. bxc3 Qc7 13. Bd3 g6 14. Qd2 Ne7 15. c4 b6 16. Ne5 Bb7 17. Ng4 f5 18. Nh6+ Kg7 19. Rxe6 Bxh2+ 20. Kh1 Rae8 21. d5 Be5 22. Rxe5 Qxe5 23. Bb2 Qxb2 24. Qxb2+ Kxh6 25. Re1 Nc8 26. Rxe8 Rxe8 27. Qf6 Re1+ 28. Kh2 Rd1 29. Bxf5 1-0

[Event "Budapest FS09 GM"]
[Site "Budapest"]
[Date "2013.09.17"]
[Round "9"]
[White "Szabo, Krisztian"]
[Black "Schneider, Veronika"]
[Result "1-0"]
[WhiteElo "2561"]
[BlackElo "2266"]
[PlyCount "80"]
[EventDate "2013.09.07"]
[EventType "tourn"]
[EventRounds "9"]
[EventCountry "HUN"]
[EventCategory "7"]
[SourceTitle "CBM 156 Extra"]
[Source "ChessBase"]
[SourceDate "2013.10.22"]
[SourceVersion "1"]
[SourceVersionDate "2013.10.22"]
[SourceQuality "1"]

1. e4 c5 2. Nf3 e6 3. d4 cxd4 4. Nxd4 a6 5. c4 Nf6 6. Nc3 Qc7 7. a3 b6 8. Be3 Bb7 9. f3 d6 10. Be2 Be7 11. 0-0 0-0 12. Qd2 Nbd7 13. b4 Rac8 14. Rac1 Rfe8 15. Rc2 Qb8 16. Kh1 h5 17. Rb1 h4 18. Bf1 h3 19. gxh3 Ne5 20. Na4 Nfd7 21. Rbc1 Bd8 22. Bg2 Ng6 23. Bg5 Ba8 24. Bxd8 Rcxd8 25. Qg5 Nf6 26. h4 Nh7 27. Qg3 Nf6 28. Nb2 Qa7 29. Ne2 Ne5 30. Nf4 Qe7 31. h5 Nh7 32. Nh3 Nc6 33. f4 Qf6 34. Rd2 e5 35. Rcd1 Qh6 36. fxe5 Rxe5 37. c5 b5 38. Rxd6 Rxd6 39. cxd6 Nf6 40. d7 Nxe4 1-0

[Event "Budapest FS09 GM"]
[Site "Budapest"]
[Date "2013.09.16"]
[Round "8"]
[White "Schneider, Veronika"]
[Black "Varga, Zoltan"]
[Result "1/2-1/2"]
[WhiteElo "2266"]
[BlackElo "2444"]
[PlyCount "32"]
[EventDate "2013.09.07"]
[EventType "tourn"]
[EventRounds "9"]
[EventCountry "HUN"]
[EventCategory "7"]
[SourceTitle "CBM 156 Extra"]
[Source "ChessBase"]
[SourceDate "2013.10.22"]
[SourceVersion "1"]
[SourceVersionDate "2013.10.22"]
[SourceQuality "1"]

1. e4 c5 2. Nf3 e6 3. c3 d5 4. exd5 exd5 5. d4 Nc6 6. Bb5 Bd6 7. dxc5 Bxc5 8. 0-0 Nge7 9. Nbd2 0-0 10. Nb3 Bb6 11. h3 h6 12. Nbd4 Bd7 13. Nxc6 bxc6 14. Bd3 Bf5 15. Re1 Bxd3 16. Qxd3 Qd6 1/2-1/2

[Event "Budapest FS09 GM"]
[Site "Budapest"]
[Date "2013.09.11"]
[Round "4"]
[White "Schneider, Veronika"]
[Black "Kislik, Erik Andrew"]
[Result "0-1"]
[WhiteElo "2266"]
[BlackElo "2368"]
[PlyCount "82"]
[EventDate "2013.09.07"]
[EventType "tourn"]
[EventRounds "9"]
[EventCountry "HUN"]
[EventCategory "7"]
[SourceTitle "CBM 156 Extra"]
[Source "ChessBase"]
[SourceDate "2013.10.22"]
[SourceVersion "1"]
[SourceVersionDate "2013.10.22"]
[SourceQuality "1"]

1. e4 c5 2. c3 Nf6 3. e5 Nd5 4. Nf3 Nc6 5. d4 cxd4 6. cxd4 d6 7. Bc4 dxe5 8. Nxe5 e6 9. 0-0 Bd6 10. Re1 0-0 11. Nxc6 bxc6 12. Nd2 Qb6 13. Ne4 Be7 14. b3 a5 15. Bg5 Bb4 16. Bxd5 cxd5 17. Nf6+ gxf6 18. Bxf6 e5 19. Qf3 Qxd4 20. Bxe5 Qh4 21. Bf6 Qg4 22. Re5 h6 23. Qxg4+ Bxg4 24. Rxd5 Rfc8 25. h3 Be6 26. Rd3 Kh7 27. Rad1 Rc2 28. Rg3 Rg8 29. Rxg8 Kxg8 30. Rd3 Bc5 31. Rg3+ Kf8 32. Bg7+ Ke8 33. Rf3 Rc1+ 34. Kh2 Bd6+ 35. g3 Bd5 36. Re3+ Kd7 37. f3 Rc2+ 38. Kh1 Bc5 39. Rd3 Ke6 40. Bd4 Bxd4 41. Rxd4 Rxa2 0-1

[Event "Budapest FS07 GM"]
[Site "Budapest"]
[Date "2013.07.13"]
[Round "7"]
[White "Schneider, Veronika"]
[Black "Savchenko, Stanislav"]
[Result "0-1"]
[WhiteElo "2294"]
[BlackElo "2498"]
[PlyCount "118"]
[EventDate "2013.07.06"]
[EventType "tourn"]
[EventRounds "10"]
[EventCountry "HUN"]
[EventCategory "8"]
[SourceTitle "CBM 155 Extra"]
[Source "ChessBase"]
[SourceDate "2013.08.26"]
[SourceVersion "1"]
[SourceVersionDate "2013.08.26"]
[SourceQuality "1"]

1. e4 c5 2. c3 Nf6 3. e5 Nd5 4. Nf3 d6 5. d4 cxd4 6. cxd4 Nc6 7. Bc4 Nb6 8. Bb5 dxe5 9. Nxe5 Bd7 10. Nxd7 Qxd7 11. Nc3 e6 12. 0-0 Rd8 13. Be3 Be7 14. Qf3 a6 15. Bxc6 Qxc6 16. Qxc6+ bxc6 17. Rac1 Rb8 18. Ne4 Kd7 19. Rfd1 Rb7 20. h3 a5 21. Rc2 a4 22. Rdc1 Rc8 23. Bd2 Nd5 24. Ba5 Ra8 25. Be1 Rab8 26. Bc3 Rb5 27. g3 f5 28. Nd2 Nxc3 29. bxc3 Ba3 30. Rd1 Rb2 31. Rxb2 Bxb2 32. c4 Bc3 33. Nf3 Rb2 34. Rc1 Ba5 35. Ne5+ Kc7 36. d5 Bd2 37. Rd1 exd5 38. cxd5 cxd5 39. Nf3 Bb4 40. Rxd5 Rxa2 41. Ne5 a3 42. Rd7+ Kb6 43. Nc4+ Kc6 44. Rxg7 Ra1+ 45. Kg2 a2 46. Ra7 Kb5 47. Na3+ Kb6 48. Nc2 Kxa7 49. Nxa1 Kb6 50. Kf3 Kc5 51. Ke2 Kc4 52. Nc2 Kc3 53. Kd1 Bc5 54. f3 Bf2 55. g4 f4 56. Kc1 Bh4 57. Kd1 Be7 58. Na1 Ba3 59. Nc2 Bb2 0-1

[Event "Budapest FS07 GM"]
[Site "Budapest"]
[Date "2013.07.09"]
[Round "4"]
[White "Varga, Zoltan"]
[Black "Schneider, Veronika"]
[Result "1/2-1/2"]
[WhiteElo "2446"]
[BlackElo "2294"]
[PlyCount "25"]
[EventDate "2013.07.06"]
[EventType "tourn"]
[EventRounds "10"]
[EventCountry "HUN"]
[EventCategory "8"]
[SourceTitle "CBM 155 Extra"]
[Source "ChessBase"]
[SourceDate "2013.08.26"]
[SourceVersion "1"]
[SourceVersionDate "2013.08.26"]
[SourceQuality "1"]

1. c4 e6 2. Nf3 d5 3. d4 a6 4. e3 Nf6 5. Nc3 dxc4 6. Bxc4 b5 7. Be2 Bb7 8. 0-0 Nbd7 9. a3 c5 10. dxc5 Bxc5 11. b4 Be7 12. Bb2 0-0 13. Qb3 1/2-1/2

[Event "HUN-chT2 Charousek 1213"]
[Site "Hungary"]
[Date "2013.04.07"]
[Round "10"]
[White "Horvath, Tamas"]
[Black "Schneider, Veronika"]
[Result "1/2-1/2"]
[WhiteElo "2390"]
[BlackElo "2313"]
[PlyCount "89"]
[EventDate "2012.09.16"]
[EventType "team-tourn"]
[EventRounds "11"]
[EventCountry "HUN"]
[SourceTitle "EXT 2014"]
[Source "ChessBase"]
[SourceDate "2013.11.20"]
[SourceVersion "1"]
[SourceVersionDate "2013.11.20"]
[SourceQuality "1"]
[WhiteTeam "Csuti"]
[BlackTeam "Penzugyor II"]
[WhiteTeamCountry "HUN"]
[BlackTeamCountry "HUN"]

1. e4 c5 2. Nf3 e6 3. c4 Nc6 4. Nc3 e5 5. g3 d6 6. d3 g6 7. a3 Bg7 8. Rb1 Bg4 9. h3 Be6 10. b4 Qd7 11. Nd5 f5 12. bxc5 dxc5 13. Qa4 Rc8 14. Ng5 b6 15. Nxe6 Qxe6 16. exf5 gxf5 17. Bg2 Nge7 18. Bg5 Qd7 19. 0-0 Rf8 20. Rfe1 Nxd5 21. cxd5 Nd4 22. Qd1 Kf7 23. Rc1 Kg8 24. Be3 Nb5 25. f4 Nd6 26. fxe5 Bxe5 27. Bf4 Bxf4 28. gxf4 Rf6 29. Re5 Rg6 30. Qe2 Qa4 31. Rf1 Qd4+ 32. Kh1 c4 33. Re6 Qg7 34. Rxg6 Qxg6 35. Rg1 cxd3 36. Qxd3 Qf6 37. Re1 Re8 38. Qg3+ Qg7 39. Rxe8+ Nxe8 40. Qe3 Kf8 41. Qe6 Qf6 42. Qd7 Qf7 43. Qc6 Qf6 44. Qd7 Qf7 45. Qc6 1/2-1/2

[Event "BL 1213 (Women)"]
[Site "Germany"]
[Date "2013.01.19"]
[Round "6.3"]
[White "Madl, Ildiko"]
[Black "Schneider, Veronika"]
[Result "1-0"]
[WhiteElo "2329"]
[BlackElo "2313"]
[PlyCount "61"]
[EventDate "2012.10.06"]
[EventType "team-tourn"]
[EventRounds "11"]
[EventCountry "GER"]
[SourceTitle "EXT 2014"]
[Source "ChessBase"]
[SourceDate "2013.11.20"]
[SourceVersion "1"]
[SourceVersionDate "2013.11.20"]
[SourceQuality "1"]
[WhiteTeam "Halle Volksbank (W)"]
[BlackTeam "Hamburger SK (W)"]
[WhiteTeamCountry "GER"]
[BlackTeamCountry "GER"]

1. e4 c5 2. Nf3 e6 3. b3 a6 4. Bb2 Nc6 5. c4 d6 6. d4 cxd4 7. Nxd4 Bd7 8. Nc2 Nf6 9. Nc3 Be7 10. Be2 0-0 11. 0-0 Rc8 12. Kh1 Qc7 13. f4 Rfd8 14. Qe1 Qb8 15. Rd1 Ne8 16. Ne3 Bf6 17. Ng4 Bd4 18. Qh4 b5 19. Rf3 b4 20. Na4 Bxb2 21. Nxb2 f5 22. exf5 exf5 23. Nh6+ Kf8 24. Qg5 g6 25. c5 dxc5 26. Bc4 Be6 27. Re1 Bd5 28. Rfe3 Be4 29. Nxf5 gxf5 30. Rxe4 fxe4 31. Rxe4 1-0

[Event "HUN-ch (Women) 60th"]
[Site "Kisvarda"]
[Date "2012.12.08"]
[Round "5"]
[White "Gara, Ticia"]
[Black "Schneider, Veronika"]
[Result "1-0"]
[WhiteElo "2377"]
[BlackElo "2306"]
[PlyCount "105"]
[EventDate "2012.12.04"]
[EventType "tourn"]
[EventRounds "9"]
[EventCountry "HUN"]
[SourceTitle "EXT 2014"]
[Source "ChessBase"]
[SourceDate "2013.11.20"]
[SourceVersion "1"]
[SourceVersionDate "2013.11.20"]
[SourceQuality "1"]

1. e4 c5 2. Nf3 e6 3. d4 cxd4 4. Nxd4 a6 5. Bd3 Bc5 6. Nb3 Ba7 7. Nc3 Nc6 8. Qe2 d6 9. Be3 Nf6 10. f4 e5 11. Bxa7 Rxa7 12. f5 h5 13. 0-0-0 b5 14. Kb1 Kf8 15. Rhf1 Rh6 16. Nd5 Ra8 17. c3 Rb8 18. Rd2 Nxd5 19. exd5 Ne7 20. Bc2 Ng8 21. Rd3 Nf6 22. Nd2 Bb7 23. Ne4 Rc8 24. Nxf6 Qxf6 25. Rd2 Rc5 26. Be4 Qg5 27. Rf3 Bc8 28. Qf2 Rf6 29. Re2 Kg8 30. h4 Qh6 31. Qg3 Rc4 32. Qf2 Rc5 33. b3 Bb7 34. Rd2 Bc8 35. Kb2 g6 36. fxg6 Rxf3 37. gxf3 fxg6 38. Rd1 Bf5 39. Bxf5 gxf5 40. Rg1+ Kf7 41. Qg2 Rc8 42. Qc2 Kf6 43. Rg5 Qh7 44. Qf2 Rc5 45. Qd2 a5 46. f4 b4 47. fxe5+ dxe5 48. cxb4 axb4 49. d6 Qd7 50. Rxh5 f4 51. Qg2 Qg7 52. Rf5+ Kxf5 53. Qxg7 1-0

[Event "HUN-ch (Women) 60th"]
[Site "Kisvarda"]
[Date "2012.12.05"]
[Round "2"]
[White "Schneider, Veronika"]
[Black "Kovacs, Klara"]
[Result "1-0"]
[WhiteElo "2306"]
[BlackElo "2210"]
[PlyCount "55"]
[EventDate "2012.12.04"]
[EventType "tourn"]
[EventRounds "9"]
[EventCountry "HUN"]
[SourceTitle "EXT 2014"]
[Source "ChessBase"]
[SourceDate "2013.11.20"]
[SourceVersion "1"]
[SourceVersionDate "2013.11.20"]
[SourceQuality "1"]

1. e4 e6 2. d4 d5 3. Nd2 Be7 4. c3 c5 5. dxc5 Bxc5 6. Bd3 Nf6 7. Qe2 Nc6 8. Ngf3 Bb6 9. 0-0 0-0 10. e5 Nd7 11. Nb3 h6 12. Nbd4 Re8 13. Bc2 Nf8 14. Be3 Bc7 15. Nxc6 bxc6 16. b4 f6 17. Bd4 f5 18. a4 Nd7 19. a5 c5 20. bxc5 Bxa5 21. Qb5 Bc7 22. Qc6 Rb8 23. Rxa7 Ba5 24. Ra1 Rb2 25. Bd3 Bb7 26. Rxb7 Nb8 27. Qxe8+ Qxe8 28. Rxb2 1-0